Statistics for Every Mongolic Language

Click here to take the quiz!

General Stats

  • This quiz has been taken 49 times
  • The average score is 5 of 13

Answer Stats

BranchLocationAnswer% Correct
CentralMongoliaMongolian
97%
CentralRussia (Buryatia)Buryat
87%
CentralRussia (Kalmykia)Kalmyk
85%
DagurChina (Inner Mongolia)Dagur
59%
CentralMongoliaOirat
49%
MogholAfghanistanMoghol
46%
SouthernChina (Gansu)Santa
28%
SouthernChina (Gansu)Eastern Yugur
21%
SouthernChina (Qinghai)Monguor
18%
CentralChina (Inner Mongolia)Ordos
13%
SouthernChina (Qinghai)Bonan
10%
SouthernChina (Qinghai)Kangjia
10%
CentralRussia (Zabaykalsky)Khamnigan
8%

Score Distribution

Percentile by Number Answered

Percent of People with Each Score

Your Score History

You have not taken this quiz